[Event "13th Poti Nana Aleksandria Cup"]
[Site "Poti"]
[Date "2018.07.19"]
[Round "8"]
[White "Janiashvili, Mariami"]
[Black "Mesropian, Khachatur"]
[Result "1/2-1/2"]
[WhiteElo "1988"]
[BlackElo "2128"]
[Annotator "NA RC"]
[PlyCount "207"]
[EventDate "2018.07.13"]
[EventType "swiss"]
[EventCountry "GEO"]
[SourceTitle "playchess.com"]
[Source "ChessBase"]
[SourceQuality "1"]
[TimeControl "40/5400+30:1800+30"]

1. Nf3 {[%emt 0:00:00]} c5 {[%emt 0:00:00]} 2. b3 {[%emt 0:00:00]} Nc6 {[%emt 0:00:22]} 3. Bb2 {[%emt 0:00:00]} d5 {[%emt 0:00:46]} 4. e3 {[%emt 0:00:00]} Bg4 {[%emt 0:00:53]} 5. Be2 {[%emt 0:00:43]} Bxf3 {[%emt 0:01:07] A06: Réti Opening:1 Nf3 d5} (5... Nf6 6. O-O e6 7. d4 Be7 8. Nbd2 O-O 9. c4 cxd4 10. Nxd4 Bxe2 11. Qxe2 Rc8 12. Rfd1 Qa5 13. cxd5 Nxd5 14. Nc4 Nxd4 15. Bxd4 {0-1 (39) Jocys,D (2220)-Beinoras,M (2359) Klaipeda 2013}) 6. Bxf3 {[%emt 0:00:24]} e5 {[%emt 0:00:09]} 7. d3 {[%emt 0:02:43]} f5 {[%emt 0:01:35]} 8. O-O {[%emt 0:02:07]} Nf6 {[%emt 0:00:30]} 9. c4 {[%emt 0:00:59]} d4 {[%emt 0:06:10]} 10. Bxc6+ {[%emt 0:02:28]} bxc6 {[%emt 0:00:02]} 11. exd4 {[%emt 0:03:11]} exd4 $146 {[%emt 0:00:03]} ({Predecessor:} 11... cxd4 12. Qf3 Qd7 13. Re1 {0-1 (37) Malyuga,V (2129)-Maslov,A (2185) Zelenograd 2014}) 12. Re1+ {[%emt 0:01:36]} Kf7 {[%emt 0:00:16]} 13. Nd2 {[%emt 0:08:17]} Bd6 {[%emt 0:01:13]} 14. Nf3 {[%emt 0:00:05]} Re8 {[%emt 0:01:23]} 15. Rxe8 {[%emt 0:02:58]} Qxe8 {[%emt 0:03:33]} 16. Qe1 {[%emt 0:00:18]} h6 {[%emt 0:03:32]} 17. Qxe8+ {[%emt 0:01:53]} Rxe8 {[%emt 0:00:17]} 18. Re1 {[%emt 0:00:21]} g5 {[%emt 0:08:03]} 19. Rxe8 {[%emt 0:00:56]} Nxe8 {[%emt 0:00:16]} 20. h3 {[%emt 0:00:35]} Nc7 {[%emt 0:02:23]} 21. Kf1 {[%emt 0:05:22]} Ne6 {[%emt 0:00:09]} 22. g3 {[%emt 0:00:29]} h5 {[%emt 0:01:20]} 23. Bc1 $11 {[%emt 0:01:27]} Kf6 {[%emt 0:03:24]} 24. Ke2 {[%emt 0:02:43]} Kg6 {[%emt 0:09:43]} 25. Ba3 {[%emt 0:11:08]} g4 {[%emt 0:07:45]} 26. hxg4 {[%emt 0:00:19]} hxg4 {[%emt 0:00:27]} 27. Nh4+ {[%emt 0:03:34]} Kf6 {[%emt 0:01:40]} 28. Ng2 {[%emt 0:00:58]} Kg5 {[%emt 0:09:23]} 29. Bc1+ {[%emt 0:01:39]} f4 {[%emt 0:01:55]} 30. f3 {[%emt 0:17:15]} Kf5 {[%emt 0:02:18]} 31. fxg4+ {[%emt 0:04:07]} Kxg4 {[%emt 0:00:03]} 32. gxf4 {[%emt 0:01:01]} Ng7 {[%emt 0:04:08]} 33. Kf2 {[%emt 0:02:31]} Nf5 {[%emt 0:03:11]} 34. Ba3 {[%emt 0:00:54]} a6 {[%emt 0:01:09]} 35. Bc1 {[%emt 0:01:30]} Ng7 {[%emt 0:06:07]} 36. Bb2 {[%emt 0:05:11]} Ne6 {[%emt 0:00:47]} 37. Bc1 {[%emt 0:02:41]} Bc7 {[%emt 0:00:28]} 38. Ke2 {[%emt 0:01:21]} Bd8 {[%emt 0:04:06]} 39. Ba3 {[%emt 0:01:41]} Ba5 {[%emt 0:02:42]} 40. Bc1 {[%emt 0:00:00]} Ng7 {[%emt 0:00:00]} 41. Ba3 {[%emt 0:02:12]} Bb4 {[%emt 0:01:49]} 42. Bc1 {[%emt 0:01:15]} Nf5 {[%emt 0:06:13]} 43. Ne1 {[%emt 0:03:53]} Ng3+ {[%emt 0:02:55]} 44. Kf2 {[%emt 0:00:47]} Nh1+ {[%emt 0:06:13]} 45. Ke2 {[%emt 0:00:08]} Ng3+ {[%emt 0:00:59]} 46. Kf2 {[%emt 0:00:06]} Bxe1+ {[%emt 0:00:22]} 47. Kxe1 {[%emt 0:00:01]} Kf3 {[%emt 0:00:27]} 48. Kd2 {[%emt 0:01:39]} Nf1+ {[%emt 0:11:58]} 49. Kc2 {[%emt 0:00:12]} Ne3+ {[%emt 0:02:03]} 50. Kd2 {[%emt 0:00:10]} Kxf4 {[%emt 0:02:05]} 51. Ba3 {[%emt 0:00:28]} Nf1+ {[%emt 0:01:48]} 52. Ke2 {[%emt 0:03:20]} Ng3+ {[%emt 0:00:13]} 53. Kf2 {[%emt 0:00:41]} Nh1+ {[%emt 0:01:37]} 54. Ke2 {[%emt 0:05:17]} Ng3+ {[%emt 0:00:14]} 55. Kf2 {[%emt 0:01:10]} Nh1+ {[%emt 0:02:48]} 56. Ke2 {[%emt 0:00:07]} Ng3+ {[%emt 0:01:41]} 57. Kf2 {[%emt 0:00:09]} Nf5 {[%emt 0:00:43]} 58. Bxc5 {[%emt 0:00:26]} Ke5 {[%emt 0:00:34]} 59. b4 {[%emt 0:04:24]} Ng7 {[%emt 0:02:13]} 60. a4 {[%emt 0:01:19]} Ne6 {[%emt 0:00:09]} 61. Ba7 {[%emt 0:00:06]} Kf5 {[%emt 0:02:32]} 62. Ke2 {[%emt 0:03:03]} Ke5 {[%emt 0:00:45]} 63. Bb8+ {[%emt 0:01:13]} Kf5 {[%emt 0:00:09]} 64. Kd2 {[%emt 0:00:28]} Kf6 {[%emt 0:02:33]} 65. Kc2 {[%emt 0:03:01]} Ke7 {[%emt 0:00:26]} 66. Kb3 {[%emt 0:00:21]} a5 {[%emt 0:01:00]} 67. c5 {[%emt 0:00:37]} Kd7 {[%emt 0:00:54]} 68. Kc4 {[%emt 0:00:43]} axb4 {[%emt 0:00:03]} 69. Kxb4 {[%emt 0:00:08]} Kc8 {[%emt 0:00:06]} 70. Be5 {[%emt 0:00:11]} Kb7 {[%emt 0:00:14]} 71. Kc4 {[%emt 0:00:06]} Ka6 {[%emt 0:00:08]} 72. Kb4 {[%emt 0:01:52]} Kb7 {[%emt 0:00:37]} 73. Bg3 {[%emt 0:02:27]} Ka6 {[%emt 0:01:25]} 74. Be1 {[%emt 0:00:15]} Kb7 {[%emt 0:01:24]} 75. Kc4 {[%emt 0:00:24]} Ka6 {[%emt 0:00:02]} 76. Bb4 {[%emt 0:00:06]} Kb7 {[%emt 0:00:13]} 77. Kb3 {[%emt 0:00:08]} Nf4 {[%emt 0:00:57]} 78. Kc2 {[%emt 0:00:44]} Nd5 {[%emt 0:00:25]} 79. Bd2 {[%emt 0:01:54]} Nc7 {[%emt 0:00:26]} 80. Be1 {[%emt 0:03:56]} Ne6 {[%emt 0:00:18]} 81. Bb4 {[%emt 0:00:31]} Nf4 {[%emt 0:01:37]} 82. Ba5 {[%emt 0:02:26]} Kc8 {[%emt 0:01:02]} 83. Kd2 {[%emt 0:00:29]} Kd7 {[%emt 0:00:44]} 84. Kc2 {[%emt 0:01:22]} Kc8 {[%emt 0:01:30]} 85. Bb6 {[%emt 0:00:50]} Kb7 {[%emt 0:00:08]} 86. Ba5 {[%emt 0:01:58]} Ka6 {[%emt 0:00:06]} 87. Bd8 {[%emt 0:01:33]} Ne6 {[%emt 0:00:35]} 88. Be7 {[%emt 0:01:04]} Nf4 {[%emt 0:00:58]} 89. Bd6 {[%emt 0:00:31]} Ne6 {[%emt 0:00:02]} 90. Kb3 {[%emt 0:01:02]} Ka5 {[%emt 0:00:05]} 91. Be7 {[%emt 0:00:15]} Ka6 {[%emt 0:00:32]} 92. Kb4 {[%emt 0:00:48]} Nf4 {[%emt 0:00:14]} 93. Kc4 {[%emt 0:00:24]} Ne6 {[%emt 0:00:22]} 94. Bf6 {[%emt 0:01:14]} Ka5 {[%emt 0:00:03]} 95. Bxd4 {[%emt 0:00:28]} Kxa4 {[%emt 0:00:02]} 96. Bf6 {[%emt 0:01:38]} Ka5 {[%emt 0:00:36]} 97. Bc3+ {[%emt 0:00:53]} Ka6 {[%emt 0:00:26]} 98. Be5 {[%emt 0:00:14]} Kb7 {[%emt 0:01:11]} 99. d4 {[%emt 0:00:27]} Kc8 {[%emt 0:00:25]} 100. Kb4 {[%emt 0:00:15]} Nd8 {[%emt 0:01:24]} 101. Kc4 {[%emt 0:00:15]} Kd7 {[%emt 0:01:06]} 102. d5 {[%emt 0:00:16]} Nb7 {[%emt 0:00:56]} 103. dxc6+ {[%emt 0:00:12]} Kxc6 {[%emt 0:00:02]} 104. Bf4 {[%emt 0:00:07]} 1/2-1/2

[Event "13th Poti Nana Aleksandria Cup"]
[Site "Poti"]
[Date "2018.07.19"]
[Round "8"]
[White "Shanya Mishra"]
[Black "Arakelyan, Nare"]
[Result "1-0"]
[WhiteElo "1980"]
[BlackElo "1834"]
[Annotator "NA"]
[PlyCount "69"]
[EventDate "2018.07.13"]
[EventType "swiss"]
[EventCountry "GEO"]
[SourceTitle "playchess.com"]
[Source "ChessBase"]
[SourceQuality "1"]
[TimeControl "40/5400+30:1800+30"]

1. d4 {[%emt 0:05:05]} d5 {[%emt 0:00:00]} 2. c4 {[%emt 0:00:33]} c6 {[%emt 0:00:00]} 3. Nf3 {[%emt 0:00:15]} Nf6 {[%emt 0:00:00]} 4. e3 {[%emt 0:00:12]} Bg4 {[%emt 0:00:00]} 5. Nc3 {[%emt 0:00:40]} e6 {[%emt 0:00:49]} 6. Qb3 {[%emt 0:01:15]} Qb6 {[%emt 0:01:07]} 7. Ne5 {[%emt 0:00:59]} Bf5 {[%emt 0:00:42]} 8. c5 {[%emt 0:01:48]} Qc7 {[%emt 0:00:15]} 9. Bd3 {[%emt 0:05:46]} Bxd3 {[%emt 0:01:33]} 10. Nxd3 {[%emt 0:02:02]} Be7 {[%emt 0:02:18]} 11. O-O {[%emt 0:00:22]} Ng4 {[%emt 0:01:14]} 12. g3 {[%emt 0:00:46]} h5 {[%emt 0:00:57]} 13. e4 {[%emt 0:09:36]} h4 {[%emt 0:11:10]} 14. exd5 {[%emt 0:02:03]} exd5 {[%emt 0:02:11]} 15. f3 {[%emt 0:02:44]} Nxh2 {[%emt 0:13:22]} (15... Nf6 $16) 16. Bf4 {[%emt 0:00:46]} Qc8 {[%emt 0:00:27]} 17. Kxh2 {[%emt 0:01:46]} hxg3+ $18 {[%emt 0:00:49]} 18. Kxg3 {[%emt 0:00:08]} Bh4+ {[%emt 0:02:50]} 19. Kg2 {[%emt 0:00:26]} Qf5 {[%emt 0:02:21]} 20. Rfe1+ {[%emt 0:06:34]} Kd8 {[%emt 0:07:05]} 21. Red1 {[%emt 0:12:47]} g5 {[%emt 0:16:45]} 22. Bd6 {[%emt 0:01:34]} g4 {[%emt 0:02:58]} 23. f4 {[%emt 0:00:50]} Kc8 {[%emt 0:00:23]} 24. Qc2 {[%emt 0:03:01]} Nd7 {[%emt 0:05:43]} 25. Nb4 {[%emt 0:01:35]} Qe6 {[%emt 0:00:52]} 26. Qe2 {[%emt 0:01:36]} Qg6 {[%emt 0:00:10]} 27. Qd3 {[%emt 0:01:19]} f5 {[%emt 0:01:06]} 28. Rh1 {[%emt 0:00:16]} Nf6 {[%emt 0:00:29]} 29. Nxc6 {[%emt 0:01:52]} Nh5 {[%emt 0:04:14]} 30. Rxh4 {[%emt 0:03:44]} bxc6 {[%emt 0:01:18]} 31. Qa6+ {[%emt 0:01:55]} Kd8 {[%emt 0:00:03]} 32. Rah1 {[%emt 0:00:37]} Qe8 {[%emt 0:02:43]} 33. Qa5+ {[%emt 0:00:14]} Kd7 {[%emt 0:00:55]} 34. Qc7+ {[%emt 0:00:07]} Ke6 {[%emt 0:00:12]} 35. Rxh5 {[%emt 0:00:39]} 1-0

[Event "13th Poti Nana Aleksandria Cup"]
[Site "Poti"]
[Date "2018.07.19"]
[Round "8"]
[White "Tihonov, Gennady"]
[Black "Kokaia, Guram"]
[Result "0-1"]
[WhiteElo "1845"]
[BlackElo "2159"]
[Annotator "NA"]
[PlyCount "76"]
[EventDate "2018.07.13"]
[EventType "swiss"]
[EventCountry "GEO"]
[SourceTitle "playchess.com"]
[Source "ChessBase"]
[SourceQuality "1"]
[TimeControl "40/5400+30:1800+30"]

1. e4 {[%emt 0:03:53]} c5 {[%emt 0:06:27]} 2. Nf3 {[%emt 0:00:10]} d6 {[%emt 0:01:05]} 3. Bb5+ {[%emt 0:00:27]} Bd7 {[%emt 0:00:54]} 4. Bxd7+ {[%emt 0:00:06]} Qxd7 {[%emt 0:00:02]} 5. c4 {[%emt 0:00:29]} Nc6 {[%emt 0:01:23]} 6. d4 {[%emt 0:00:37]} cxd4 {[%emt 0:00:06]} 7. Nxd4 {[%emt 0:00:13]} g6 {[%emt 0:00:17]} 8. O-O {[%emt 0:00:43]} Bg7 {[%emt 0:00:05]} 9. Be3 {[%emt 0:01:46]} Nf6 {[%emt 0:00:16]} 10. Nc3 {[%emt 0:01:43]} Ng4 {[%emt 0:02:09]} 11. Qd2 {[%emt 0:03:10]} Nxe3 {[%emt 0:01:47]} 12. fxe3 {[%emt 0:00:07]} Ne5 {[%emt 0:01:24]} 13. b3 {[%emt 0:00:29]} O-O {[%emt 0:03:33]} 14. Rad1 {[%emt 0:02:39]} Rac8 {[%emt 0:02:38]} 15. Nd5 {[%emt 0:00:58]} h5 {[%emt 0:02:58]} 16. Qe1 {[%emt 0:01:47]} Qd8 {[%emt 0:05:40]} 17. Qh4 {[%emt 0:10:14]} Re8 {[%emt 0:02:45]} 18. Qf2 $15 {[%emt 0:01:42]} (18. Nf3 $11) 18... a6 {[%emt 0:06:27]} 19. Qd2 {[%emt 0:09:50]} e6 {[%emt 0:08:40]} 20. Nc3 {[%emt 0:03:40]} Qc7 {[%emt 0:02:40]} 21. Na4 {[%emt 0:04:18]} Red8 {[%emt 0:04:22]} 22. Nf3 {[%emt 0:04:18]} b5 {[%emt 0:01:54]} 23. cxb5 {[%emt 0:01:10]} axb5 {[%emt 0:02:39]} 24. Nb2 {[%emt 0:03:19]} d5 {[%emt 0:09:25]} 25. exd5 {[%emt 0:03:29]} Rxd5 {[%emt 0:02:05]} 26. Qe2 {[%emt 0:06:30]} Qc2 {[%emt 0:02:38]} 27. Qxc2 {[%emt 0:01:18]} Nxf3+ {[%emt 0:00:56]} 28. gxf3 {[%emt 0:03:14]} Rxc2 {[%emt 0:00:05]} 29. Rxd5 {[%emt 0:00:10]} exd5 {[%emt 0:00:05]} 30. Nd3 {[%emt 0:00:39]} Rxa2 {[%emt 0:01:28]} 31. Rd1 {[%emt 0:02:14]} d4 {[%emt 0:02:33]} 32. e4 {[%emt 0:00:15]} Rc2 {[%emt 0:02:43]} 33. h3 {[%emt 0:00:56]} Rc3 {[%emt 0:02:24]} 34. b4 {[%emt 0:00:14]} Rb3 {[%emt 0:02:00]} 35. Kg2 {[%emt 0:00:25]} Bf8 {[%emt 0:01:17]} 36. Kg3 {[%emt 0:03:00]} f6 {[%emt 0:03:20]} 37. f4 {[%emt 0:04:00]} Bxb4 {[%emt 0:00:47]} 38. Kh4 {[%emt 0:00:19]} Rxd3 {[%emt 0:01:20]} 0-1

[Event "13th Poti Nana Aleksandria Cup"]
[Site "Poti"]
[Date "2018.07.19"]
[Round "8"]
[White "Tsotsonava, Elene"]
[Black "Martynyuk, Elizaveta"]
[Result "0-1"]
[WhiteElo "1647"]
[BlackElo "2182"]
[Annotator "NA"]
[PlyCount "152"]
[EventDate "2018.07.13"]
[EventType "swiss"]
[EventCountry "GEO"]
[SourceTitle "playchess.com"]
[Source "ChessBase"]
[SourceQuality "1"]
[TimeControl "40/5400+30:1800+30"]

1. e4 c5 2. Nf3 Nc6 3. d4 cxd4 4. Nxd4 g6 5. Nc3 Bg7 6. Nde2 Nf6 7. g3 O-O 8. Bg2 d6 9. O-O Rb8 10. a4 a6 11. Nd5 {B70: Sicilian Dragon: 6 g3 and 6 Be2 (without a later Be3)} (11. h3 b5 12. axb5 axb5 13. Nd5 Nd7 14. Rb1 b4 15. Bg5 h6 16. Be3 e6 17. Ndf4 Nde5 18. b3 Ba6 19. Qd2 Kh7 20. Rfd1 Qc8 21. Nd4 Nxd4 22. Bxd4 {1-0 (55) Mchedlishvili,M (2603)-Demchenko,A (2660) Riadh 2017}) 11... e6 12. Nxf6+ Bxf6 13. c3 Qc7 14. Be3 Ne5 $146 ({Predecessor:} 14... b6 15. Qc2 Bb7 16. Rad1 Bg7 17. f4 Rfe8 18. Bf2 b5 19. axb5 axb5 {0-1 (42) Boguszlavszkij,J (2212)-Paschall,W (2377) Zalakaros 2016}) 15. Bd4 Bd7 16. b3 Ng4 17. Bxf6 Nxf6 18. Qd4 e5 19. Qd2 Bc6 20. Qd3 b5 21. axb5 axb5 22. Rfd1 Rfd8 23. Qe3 Kg7 24. c4 Ra8 25. Nc3 bxc4 26. bxc4 Bd7 27. Bf1 Be6 28. Rxa8 Rxa8 29. Nb5 Qc5 $11 30. Nxd6 Qxe3 31. fxe3 Ra3 32. Rd3 Ra1 33. Kg2 Rc1 34. Ra3 Ng4 35. h3 Rc2+ 36. Kg1 Nf2 37. Ra7 Nd1 38. Ra3 h5 39. Ne8+ Kf8 40. Nf6 Bxc4 41. Nd7+ Kg7 42. Nxe5 Bxf1 43. Kxf1 Kf6 44. Nd7+ Ke6 45. Rd3 Nf2 46. Nc5+ Kf6 47. Rd6+ Ke7 48. Rd7+ Ke8 49. Rd5 Nxh3 50. Nd3 Ke7 51. Nf4 Nf2 52. Ne2 Ng4 53. Rd3 Kf6 54. Ke1 Rb2 55. Nf4 Rh2 56. Rd6+ Kg7 57. Rd2 Rh1+ 58. Ke2 Rg1 59. Kf3 Rf1+ 60. Ke2 Rf2+ 61. Kd3 Rf3 62. Ne2 Rxe3+ 63. Kd4 Rf3 64. Rd3 Rf2 65. Nf4 Rf1 66. Nd5 Nf2 67. Rf3 Rd1+ 68. Ke5 Nd3+ 69. Kd6 Rd2 70. Re3 Nf2 71. e5 Ng4 72. Re1 Rd3 73. Rf1 Rxd5+ 74. Ke7 Rxe5+ 75. Kd6 Re3 76. Rg1 f5 0-1

[Event "13th Poti Nana Aleksandria Cup"]
[Site "Poti"]
[Date "2018.07.20"]
[Round "9"]
[White "Pantsulaia, Levan"]
[Black "Harutyunian, Tigran K"]
[Result "1/2-1/2"]
[WhiteElo "2575"]
[BlackElo "2500"]
[Annotator "TA"]
[PlyCount "35"]
[EventDate "2018.07.13"]
[EventType "swiss"]
[EventCountry "GEO"]
[SourceTitle "playchess.com"]
[Source "ChessBase"]
[SourceQuality "1"]

{[%evp 28,29,29,34]} 1. d4 d5 2. c4 e6 3. Nc3 Nf6 4. cxd5 exd5 5. Bg5 c6 6. e3 Be7 7. Bd3 Nbd7 {[%cal Bb8d7,Bd7f8,Bf8g6][%mdl 32]} 8. Qc2 O-O 9. Nf3 Re8 10. h3 Nf8 11. Bf4 Ng6 {D36: Queen's Gambit Declined: Exchange Variation: Main line (5 Bg5 c6 6 Qc2)} 12. Be5 Bd6 13. Bxd6 Qxd6 14. O-O (14. O-O-O Be6 15. Kb1 b6 16. Ng5 Bd7 17. h4 Nf8 18. e4 dxe4 19. Ncxe4 Nxe4 20. Bxe4 g6 21. d5 c5 22. Bd3 h5 {½-½ (51) Bauer,C (2650)-Maze,S (2612) Agen 2017}) 14... Bd7 15. b4 {LiveBook: 3 Games} {Predecessor:} Re7 $146 16. Rfc1 b6 17. Rab1 Be8 18. a4 {1-0 (62) Van der Werf,M (2415)-Maes,V (2118) Netherlands 2016} 1/2-1/2

[Event "13th Poti Nana Aleksandria Cup"]
[Site "Poti"]
[Date "2018.07.20"]
[Round "9"]
[White "Mosadeghpour, Masoud"]
[Black "Hayrapetyan, Hovik"]
[Result "1-0"]
[WhiteElo "2531"]
[BlackElo "2453"]
[Annotator "TA"]
[PlyCount "83"]
[EventDate "2018.07.13"]
[EventType "swiss"]
[EventCountry "GEO"]
[SourceTitle "playchess.com"]
[Source "ChessBase"]
[SourceQuality "1"]

{[%evp 23,83,27,41,11,23,2,8,1,1,0,0,0,19,16,41,34,56,54,62,58,139,145,149,147,168,167,162,154,175,159,206,185,185,147,153,142,214,216,597,597,594,547,516,515,515,515,515,515,515,508,635,627,627,0,619,629,700,695,708,691,643,264]} 1. e4 c5 2. Nf3 e6 3. d4 cxd4 4. Nxd4 a6 5. Nc3 Qc7 6. Bd3 Nc6 7. Nxc6 bxc6 8. O-O d5 9. Qe2 Nf6 10. Bg5 {B46: Sicilian: Taimanov: 5 Nc3 a6} Be7 (10... Bb7 11. f4 h6 12. Bh4 Be7 13. Bg3 O-O 14. e5 Ne8 15. f5 exf5 16. Bxf5 Qb6+ 17. Kh1 g6 {1-0 (34) Wei,Y (2740)-Ivanchuk,V (2732) Hoogeveen 2017}) 11. e5 Nd7 12. Bxe7 Kxe7 {LiveBook: 4 Games} 13. Rfe1 c5 $146 ({Predecessor:} 13... Bb7 14. Nd1 c5 15. b3 h6 16. f4 g6 17. Nf2 Nb8 {½-½ (33) Fakhiridou,E (2180)-Sachdev,T (2428) Mardin 2011}) 14. Qg4 {Nxd5+! is the strong threat.} Bb7 15. b3 Kf8 16. Qg3 h5 17. h4 Nb6 18. Rad1 Rc8 19. Nb1 {[%cal Bc3b1,Bb1d2,Bd2f3][%mdl 32]} c4 20. Bf1 Rh6 21. Qe3 f6 (21... Rg6 $14) 22. exf6 $16 Rxf6 23. Nd2 cxb3 24. cxb3 Nd7 25. Nf3 Kg8 26. Rc1 Qb8 27. Rxc8+ $1 Qxc8 28. Rc1 Qb8 29. Qc3 {Black must now prevent Qc7.} Rf8 (29... Qf4 $16 {was necessary.}) 30. Qc7 $18 Rc8 $2 (30... Qc8 {is a better chance.} 31. Rc3 Qxc7 32. Rxc7 Bc8 33. Bxa6 Bxa6) 31. Qxd7 ({Not} 31. Qxb8 Nxb8 32. Rxc8+ Bxc8 $16) 31... Rxc1 32. Ng5 Qc8 33. Qf7+ Kh8 34. Qxh5+ Kg8 {intending ...Rxf1+.} 35. Qf7+ Kh8 36. Nxe6 {[%csl Ge6][%cal Rf7g7]} Qg8 37. Qh5+ Qh7 {[#]} 38. Qe8+ $1 Qg8 {[#]} 39. Nf8 $1 {White wants to mate with Qh5+.White is clearly winning.} g6 40. Nxg6+ Kg7 41. Qe5+ Kh7 42. Qh5+ {Precision: White = 85%, Black = 27%.} 1-0

[Event "13th Poti Nana Aleksandria Cup"]
[Site "Poti"]
[Date "2018.07.20"]
[Round "9"]
[White "Golubov, Saveliy"]
[Black "Avetisyan, Mariam"]
[Result "1-0"]
[WhiteElo "2488"]
[BlackElo "2051"]
[Annotator "TA"]
[PlyCount "113"]
[EventDate "2018.07.13"]
[EventType "swiss"]
[EventCountry "GEO"]
[SourceTitle "playchess.com"]
[Source "ChessBase"]
[SourceQuality "1"]

{[%evp 36,113,23,25,25,11,33,25,44,37,52,21,45,31,48,15,39,28,36,12,41,30,43,54,61,15,28,-12,0,0,19,-10,0,-65,22,27,27,14,31,30,58,39,79,83,145,138,131,135,142,138,152,145,152,145,160,156,193,182,183,183,184,177,178,177,222,169,336,324,327,323,518,551,544,547,530,525,29995,29996,29996,29996]} 1. e4 e6 2. d4 d5 3. Nd2 Nf6 4. e5 Nfd7 5. Bd3 c5 6. c3 Nc6 7. Ne2 cxd4 8. cxd4 f6 9. exf6 Nxf6 10. Nf3 Bd6 11. O-O Qc7 12. Bg5 O-O 13. Bh4 Nh5 14. Qc2 h6 15. Bh7+ {C06: Französische Verteidigung (Tarrasch-Variante)} Kh8 16. Bg6 Rxf3 (16... Nf4 17. Nxf4 Rxf4 18. Bg3 Rxf3 19. gxf3 Qe7 20. Rad1 Bd7 21. Qc3 Rf8 22. Bb1 Kg8 {1-0 (41) Artemiev,V (2653)-Onischuk,V (2615) Martuni 2016}) 17. Bxh5 Rf8 18. Bg3 Bd7 19. Rad1 {LiveBook: 24 Partien} Rac8 20. Qd2 a6 $146 ({Vorgänger:} 20... Be8 21. Bg4 Bf7 22. Rfe1 Rce8 {1-0 (50) Godena,M (2533)-Zhukova,N (2471) playchess.com INT 2004}) 21. Bg4 Rcd8 22. Rfe1 Bc8 23. Nc1 Bf4 24. Qe2 Rf6 25. Nb3 Rdf8 26. Bxf4 Qxf4 27. Rf1 Rg6 28. f3 a5 29. g3 Qd6 30. Qd3 Rgf6 31. Qe2 Qb4 32. Qd2 b6 33. Qxb4 Nxb4 34. a3 (34. Rf2 $11) 34... Nc6 (34... Nc2 $1 $15 35. Rd2 Ba6) 35. Rfe1 $36 {[%mdl 2048] Weiss drückt.} a4 36. Nc1 g6 37. f4 Kg7 38. Ne2 Na5 39. Nc3 Bd7 ({Besser ist} 39... Nc4) 40. Nxd5 $1 $16 exd5 41. Bxd7 Nc6 42. Bh3 Rd6 43. Bf1 Ra8 44. Kf2 Ra5 45. Re8 Kf7 46. Rc8 {Droht stark Tc1.} Ra7 47. Bb5 Ne7 48. Rb8 h5 49. h3 {[%cal Bh2h3,Bh3g4,Bg4g5][%mdl 32]} Nf5 50. Be8+ Kf6 $2 (50... Kg7 51. g4 hxg4) 51. g4 $18 hxg4 52. hxg4 Ng7 $2 (52... Ne7 {war einen Versuch wert.} 53. Rh1 Kg7) 53. g5+ Kf5 {[#]} 54. Kf3 $1 {Beabsichtigt Te1 und Matt.} Ne6 55. Re1 {[%csl Gd4,Gf4][%cal Re1e5]} Nxd4+ 56. Kg3 {[%csl Gf4][%cal Re1e5]} Re6 {[#]} 57. Bd7 $1 {[%mdl 512] Precision: Weiß = 66%, Schwarz = 24%.} 1-0

[Event "13th Poti Nana Aleksandria Cup"]
[Site "Poti"]
[Date "2018.07.20"]
[Round "9"]
[White "Sindarov, Javokhir"]
[Black "Benidze, Davit"]
[Result "1-0"]
[WhiteElo "2474"]
[BlackElo "2487"]
[Annotator "TA"]
[PlyCount "49"]
[EventDate "2018.07.13"]
[EventType "swiss"]
[EventCountry "GEO"]
[SourceTitle "playchess.com"]
[Source "ChessBase"]
[SourceQuality "1"]

{[%evp 23,49,0,0,-26,-22,-35,12,10,17,6,55,60,210,224,222,218,535,552,536,534,533,540,29991,895,29992,29993,29993,29994]} 1. e4 c5 2. Nf3 d6 3. d4 cxd4 4. Nxd4 Nf6 5. Nc3 Nc6 6. Bc4 e6 7. O-O Be7 8. a3 O-O 9. Ba2 a6 10. Be3 Bd7 11. f4 Rc8 12. Kh1 {B88: Sicilian: Sozin Attack} (12. f5 Nxd4 13. Qxd4 e5 14. Qd3 h6 15. Kh1 Rxc3 16. Qxc3 Nxe4 17. Qd3 Nf6 18. Rad1 Qc7 19. Bf2 Rc8 {1-0 (37) Amonatov,F (2620)-Grandelius,N (2643) Doha 2016}) 12... b5 {LiveBook: 4 Games} 13. f5 {[%cal Rf5e6]} Nxd4 14. Bxd4 {The position is equal.} Qc7 $146 ({Predecessor:} 14... e5 15. Be3 Rxc3 16. bxc3 Nxe4 17. Qd3 Bc6 18. Rad1 Qa8 19. c4 Nf6 {0-1 (43) Kabisch,T (2291)-Dobosz,H (2396) Gerlingen 2011}) 15. Qd3 Kh8 16. Rad1 Rfd8 17. Qh3 {[%cal Rf5e6]} d5 (17... e5 $14 18. Bf2 Bc6) 18. e5 $18 {[%cal Be4e5,Be5f6][%mdl 32]} ({Not} 18. exd5 e5 $14) 18... Ng8 {[#]} 19. f6 $1 {[%cal Rf6g7] aiming for fxg7+.} gxf6 $2 (19... Bf8 20. fxg7+ Bxg7 21. Rxf7 Rf8) 20. exf6 Bf8 {Black wants to play ...e5.} 21. Qh5 Nh6 22. Rd3 Nf5 23. Rh3 (23. Rxf5 $142 exf5 24. Qxf7 Qd6 25. Bxd5 Be6 26. Bxe6 Qxh2+ 27. Kxh2 Bd6+ 28. Kh3 Rg8 {[#]} 29. Qg7+ $1 {[%mdl 512]} Rxg7 30. fxg7#) 23... h6 24. Rxf5 exf5 25. Nxd5 {Precision: White = 69%, Black = 23%.} 1-0

[Event "13th Poti Nana Aleksandria Cup"]
[Site "Poti"]
[Date "2018.07.20"]
[Round "9"]
[White "Nigmatov, Ortik"]
[Black "Ghvamberia, Nika"]
[Result "1-0"]
[WhiteElo "2461"]
[BlackElo "2236"]
[Annotator "TA"]
[PlyCount "65"]
[EventDate "2018.07.13"]
[EventType "swiss"]
[EventCountry "GEO"]
[SourceTitle "playchess.com"]
[Source "ChessBase"]
[SourceQuality "1"]

{[%evp 16,65,51,5,5,3,21,2,14,19,10,8,18,4,6,38,34,23,20,29,63,4,25,0,61,59,102,93,83,94,140,85,172,136,127,100,79,72,60,21,40,64,217,206,325,302,393,379,1158,658,619,606]} 1. e4 c5 2. Nf3 e6 3. d4 cxd4 4. Nxd4 a6 5. c4 Nf6 6. Nc3 Bb4 7. Qd3 {B41: Sizilianisch (Paulsen-Variante)} O-O (7... Qc7 8. Nc2 Bc5 9. Be2 O-O 10. O-O Nc6 11. Kh1 d6 12. f4 Bd7 13. a3 Rad8 14. b4 Ba7 {½-½ (115) Karjakin,S (2782)-Caruana,F (2816) Paris 2018}) 8. e5 Ne8 9. Nc2 {LiveBook: 3 Partien. Weiß steht etwas besser.} Be7 10. Bf4 Nc6 11. Be2 Qa5 $146 ({Vorgänger:} 11... d6 12. exd6 Nxd6 13. Bxd6 Bxd6 14. O-O-O Bc7 15. Qxd8 Rxd8 16. Rxd8+ Nxd8 {0-1 (42) Schnider,G (2414)-Pantsulaia,L (2593) Batumi 2018}) 12. Qg3 f6 13. exf6 Nxf6 {[#] ...Se4 ist eine echte Drohung.} 14. O-O Nh5 15. Bxh5 $1 $40 {[%mdl 128] Weiss hat einigen Angriff.} Qxh5 16. Bd6 Bxd6 17. Qxd6 b5 18. Ne3 (18. cxb5 $14 axb5 19. f4) 18... Ne5 $11 19. Qc7 Ng6 (19... Qg5 $11) 20. f4 $14 Rf7 21. c5 d5 22. Qd6 Raa7 {[#]} 23. c6 (23. f5 $142 $1 {[%cal Rf5e6]} exf5 24. c6 (24. Qxd5 Qg5 $11) (24. Ncxd5 f4 $14) (24. Nexd5 Rad7 $14)) 23... Rf8 (23... Qh4 $16) 24. f5 exf5 25. Nexd5 {Droht stark c7.} Raf7 26. Nb6 f4 27. Nxc8 Rxc8 28. Nd5 {Schwarz muss nun De6 beachten.} Qg4 $2 (28... Qe5 $14 29. Qxe5 Nxe5) 29. h3 $18 Qe2 (29... Qf5 {ist eine bessere Verteidigung.} 30. Rae1 h6) 30. Rae1 Qc2 31. c7 Qxb2 $2 (31... Kh8 32. Qxa6 Qc5+ 33. Kh1 Qf8) 32. Qe6 Qd4+ 33. Kh1 {Precision: Weiß = 60%, Schwarz = 37%.} 1-0